| 000 | 00582nam a2200217Ia 4500 | ||
|---|---|---|---|
| 005 | 20260429111934.0 | ||
| 008 | 260429s9999||||xx |||||||||||||| ||und|| | ||
| 020 | _a9789386559975 | ||
| 041 | _aEnglish | ||
| 082 |
_a796.06 _bYAD |
||
| 100 | _aYadav, Ajay | ||
| 245 | 0 |
_aPlanning in sports / _cAjay Yadav |
|
| 250 | _a1st ed. | ||
| 260 |
_aNew Delhi : _bVenus Books, Publishers & Distributors, _c2023. |
||
| 300 | _aix, 276 p.; hb | ||
| 650 | _a Event management | ||
| 650 | _a Planning | ||
| 650 | _a Sports administration | ||
| 650 | _aSports management | ||
| 942 | _cTB | ||
| 999 |
_c51526 _d51526 |
||